[Event "Linares 13th"]
[Site "Linares"]
[Date "1995.03.06"]
[Round "5"]
[White "Dreev, Alexey"]
[Black "Tiviakov, Sergei"]
[Result "1/2-1/2"]
[WhiteElo "2650"]
[BlackElo "2625"]
[Annotator "Dautov,R"]
[PlyCount "66"]
[EventDate "1995.03.01"]
[EventType "tourn"]
[EventRounds "13"]
[EventCountry "ESP"]
[EventCategory "17"]
[SourceTitle "CBM 046"]
[Source "ChessBase"]
[SourceDate "1995.06.01"]
[SourceVersion "1"]
[SourceVersionDate "1995.06.01"]
[SourceQuality "1"]

1. d4 Nf6 2. c4 e6 3. Nf3 b6 4. a3 Ba6 5. Qc2 Bb7 6. Nc3 c5 7. e4 cxd4 8. Nxd4
Nc6 9. Nxc6 Bxc6 10. Be2 Qb8 11. f4 {N} (11. O-O Bc5 12. Kh1 (12. b4 Bd4 13.
Bb2 h5 $40) 12... h5 13. Qd3 (13. f4 $142) 13... Ng4 14. f4 Nf2+ 15. Rxf2 Bxf2
$17 {Fedorowicz,J-Miles,A/USA-ch 1989}) (11. Be3 Bc5 (11... Bd6 $5 12. O-O-O
Be5) 12. Bxc5 bxc5 13. O-O Qe5 14. f3 Rb8 15. Rad1 Nh5 16. Rf2 Nf4 17. Bf1 g5
18. g3 Ng6 19. Nb5 a6 20. Nd6+ Kf8 21. Bg2 Rg8 22. Rd3 Qf6 $10 {Christiansen,
L-Miles,A/Linares 1985}) 11... Bc5 12. Qd3 {/\b4} (12. Bd2 Bd4 13. Bf3 O-O {
/\Bxc3} (13... Bxc3 14. Qxc3 Bxe4 15. Bxe4 Nxe4 16. Qxg7 Ke7 17. Bb4+ d6 18.
O-O Qb7 $13) 14. Ne2 Bc5 15. b4 Be7 $132) (12. Bf3 O-O) 12... e5 $1 (12... O-O
13. b4 Be7 14. e5 Ne8 15. O-O d6 16. Qg3 $14) (12... a5 13. Be3 $14) 13. Rf1 (
13. f5 Bd4 14. Nd5 Bxd5 15. cxd5 Qc7 $15) (13. Qg3 $5 O-O (13... Bd4 14. Qxg7
Ke7 15. Bf3 Rg8 16. Qh6 Bxc3+ 17. bxc3 Bxe4 18. Bxe4 Nxe4 19. O-O $16) 14. fxe5
Nxe4 15. Nxe4 Bxe4 16. Bh6 (16. Bf4 $5) 16... Bg6 17. Bf4 f6 $1 18. exf6 Qe8
19. fxg7 Rf7 $44 {/\Qe4}) 13... Bd4 14. Bf3 Bxc3+ 15. Qxc3 Nxe4 16. Qxe5+ Qxe5
17. fxe5 Nc5 $1 18. b4 Nd3+ 19. Kd2 Nxe5 20. Re1 f6 21. Bb2 O-O 22. Bxe5 fxe5
23. Bxc6 dxc6 24. Rxe5 Rf2+ 25. Re2 Rd8+ 26. Ke1 Rf4 27. Rd1 Rxd1+ (27... Rf1+
28. Kxf1 Rxd1+ 29. Re1 (29. Kf2 Kf7 $15) 29... Rxe1+ 30. Kxe1 Kf7 31. Ke2 Ke6
32. Ke3 Ke5 33. a4 $10) 28. Kxd1 Kf7 (28... Rxc4 29. Re8+ Kf7 30. Ra8 Rd4+ 31.
Ke2 Rd7 32. Rc8 $10) 29. Rc2 Rf1+ 30. Ke2 Ra1 31. c5 bxc5 (31... b5 32. Rc3 Ke7
33. Rd3 $10) 32. Rxc5 Ra2+ 33. Kf1 Rxa3 (33... Rxa3 34. Rxc6 $10) 1/2-1/2

[Event "Munich SKA"]
[Site "Munich"]
[Date "1993.??.??"]
[Round "3"]
[White "Bareev, Evgeny"]
[Black "Huebner, Robert"]
[Result "0-1"]
[WhiteElo "2670"]
[BlackElo "2620"]
[Annotator "Dautov,R"]
[PlyCount "90"]
[EventDate "1993.05.??"]
[EventType "tourn"]
[EventRounds "11"]
[EventCountry "GER"]
[EventCategory "16"]
[SourceTitle "CBM 036"]
[Source "ChessBase"]
[SourceDate "1993.10.01"]
[SourceVersion "1"]
[SourceVersionDate "1993.10.01"]
[SourceQuality "1"]

1. d4 Nf6 2. c4 e6 3. Nf3 b6 4. Nc3 Bb7 5. a3 d5 6. cxd5 exd5 7. Qa4+ c6 8. Bg5
Be7 9. e3 O-O 10. Bd3 Ne4 $5 (10... Nbd7 11. O-O Re8 12. Rad1 h6 13. Bf4 Bf8
14. Rfe1 Nh5 $132) 11. Bxe4 Bxg5 12. Nxg5 Qxg5 13. Bf3 Na6 14. O-O Nc7 {N} (
14... Rfd8 15. Rfe1 Nc7 16. b4 Ne6 17. Rad1 Qf6 18. Bg4 Ng5 19. f4 Ne6 20. Qc2
Nc7 21. Rf1 Ba6 22. Rf3 Nb5 23. Nxb5 Bxb5 24. Rh3 h6 25. a4 Bc4 26. Be2 Bxe2
27. Qxe2 Qd6 28. Qd2 a5 $15 {Ftacnik-Short/Naestved/1985}) 15. Rac1 Rfd8 16. g3
Ne6 17. Bg2 Qe7 18. Rfd1 $14 h6 19. b4 a5 20. b5 (20. Qb3 $5 {/\b5,><d5} axb4 (
20... b5 $6 21. bxa5 Rxa5 22. a4 b4 23. Na2 $16) 21. axb4 b5 (21... Nc7 22. b5
cxb5 23. Nxb5 Nxb5 24. Qxb5 Rd6 25. Ra1 Rc8 26. Rdc1 $16) 22. Ra1 Nc7 23. Ne2 (
23. Rxa8 $5 Rxa8 24. e4 dxe4 25. Nxe4 Ne6 26. Nc5 Nxc5 27. dxc5 Rd8 28. Bf3
Rxd1+ 29. Qxd1 $14) 23... Ne8 24. Nf4 Nd6 25. Nd3 Nc4 26. Nc5 $14) 20... c5 21.
dxc5 Nxc5 22. Qc2 (22. Qf4 Ne4 $1 (22... Nb3 $6 23. Rb1 Qxa3 24. Nxd5 $16) (
22... Ne6 $6 23. Qe5 Qxa3 24. Nxd5 $36) 23. Nxe4 dxe4 $10) 22... Ne4 23. Qb2
Rd6 $1 (23... Rac8 24. Na4 $1 Rd6 25. Rxc8+ Bxc8 26. Qd4 $16) 24. Rd4 $6 (24.
Ne2 $1 $14 {>=} Rad8 25. Nf4) 24... Rc8 {<->c} 25. Ne2 Rc5 $10 26. Rcd1 $6 (26.
Rxc5 $1 bxc5 27. Rd1 $10) 26... Qf6 $1 27. f4 $6 (27. Nf4 Nc3 28. Rc1 Nxb5 29.
Rxc5 bxc5 30. Qxb5 cxd4 31. Qxb7 dxe3 32. fxe3 d4 $13) 27... Re6 28. Qb3 Qe7
29. Bh3 $2 (29. Bxe4 Rxe4 30. Kf2 Qe8 31. Rxe4 Qxe4 32. Nd4 Bc8 33. Qd3 $10)
29... Rd6 $15 {/\Nc3} 30. a4 $2 (30. Kg2 Rc4 $1 $17 {/\Nc5}) (30. R4d3 Rc4 31.
Nd4 g6 $17 {/\Nc5}) (30. Rc1 Rc4 31. Rcxc4 dxc4 32. Qxc4 Nd2 $17) (30. R1d3 $15
Rc4 31. Rxc4 dxc4 32. Qxc4 Nd2 33. Qc3 Qe4 34. Rxd2 Qh1+ 35. Kf2 Rxd2 36. Qxd2
Qxh2+ 37. Ke1 Qxh3 38. Qd6 $15) 30... Nc3 $1 $19 31. Nxc3 Qxe3+ 32. Kh1 Rxc3
33. Qb2 Rd8 34. Bg2 Rdc8 35. Qd2 Qxd2 36. R4xd2 (36. R1xd2 Rc1+ 37. Rd1 R8c4
38. Bf3 Rxd1+ 39. Rxd1 Rxa4 40. Bxd5 (40. Rc1 Rc4 $1) 40... Bxd5+ 41. Rxd5 Rb4
$19) 36... R8c4 37. Bxd5 Bxd5+ 38. Rxd5 Rxa4 39. Rd6 Ra2 40. Rxb6 Rcc2 41. f5
Rxh2+ 42. Kg1 Rag2+ 43. Kf1 Rf2+ 44. Kg1 Rhg2+ 45. Kh1 Rxg3 0-1

[Event "Munich SKA"]
[Site "Munich"]
[Date "1993.??.??"]
[Round "4"]
[White "Bareev, Evgeny"]
[Black "Lutz, Christopher"]
[Result "1-0"]
[WhiteElo "2670"]
[BlackElo "2550"]
[Annotator "Dautov,R"]
[PlyCount "113"]
[EventDate "1993.05.??"]
[EventType "tourn"]
[EventRounds "11"]
[EventCountry "GER"]
[EventCategory "16"]
[SourceTitle "CBM 036"]
[Source "ChessBase"]
[SourceDate "1993.10.01"]
[SourceVersion "1"]
[SourceVersionDate "1993.10.01"]
[SourceQuality "1"]

1. d4 Nf6 2. c4 e6 3. Nf3 b6 4. Nc3 Bb7 5. a3 d5 6. cxd5 Nxd5 7. e3 Be7 8. Bb5+
c6 9. Bd3 O-O 10. Qc2 h6 11. Na4 $6 {N} (11. e4 $1 Nxc3 12. bxc3 c5 13. O-O Qc8
14. Qe2 Ba6 $132) (11. O-O c5 12. Nxd5 Qxd5 13. e4 Qh5 14. dxc5 Bxc5 15. b4 Bd6
16. Bb2 Nc6 17. Qe2 Rad8 18. e5 Bb8 19. Rfd1 Ne7 $10 {Kasparov-Hjartarson/
Beograd/1989}) 11... Qc7 12. g3 (12. e4 Nf4 13. Bf1 Nd7 14. g3 Nh5 15. Bd3 c5
$10) 12... c5 $1 (12... f5 $6 13. e4 fxe4 14. Bxe4 Nf6 15. O-O Nxe4 16. Qxe4
Qc8 17. Ne5 c5 18. Qg4 $36) (12... Nd7 13. e4 N5f6 14. Bf4 Qc8 15. Rc1 c5 16.
dxc5 Nxc5 17. Nxc5 Qxc5 18. Qxc5 Bxc5 19. b4 Rfd8 $10) 13. e4 (13. dxc5 Nxe3
14. Bxe3 Bxf3 15. O-O bxc5 $10) 13... cxd4 $1 14. Nxd4 (14. exd5 $2 Qxc2 15.
Bxc2 Bxd5 16. Bd1 b5 $17) 14... Qxc2 15. Bxc2 Nf6 16. f3 Nbd7 (16... Nc6 17.
Be3 Rfd8 18. Rd1 Rac8 19. Nxc6 Bxc6 20. Nc3 $10) 17. Be3 Rac8 (17... Ne5 $1 {>=
} 18. O-O Nc4 19. Bf2 a6 20. b3 Nxa3 21. Nxb6 Nxc2 22. Nxc2 Rad8 $15 {^^}) 18.
O-O Ne5 19. Rfc1 Rfd8 (19... g5 $5 20. h3 $1 $10) 20. Bd1 Rc4 (20... Nc4 21.
Bf2 a6 $6 22. b3 Nxa3 23. Nxb6 Rxc1 24. Rxc1 $14) (20... g5 $5 21. h3 Rc4 22.
Rxc4 Nxc4 23. Bf2 h5 24. Rc1 Ne5 25. Rc7 Rd7 26. Rxd7 Nfxd7 {/\g4}) 21. Rxc4
Nxc4 22. Bf2 e5 $6 {><d5} 23. Nf5 Bf8 {/\b5} 24. Ne3 $1 (24. Be2 $6 Nxb2 25.
Nxb2 Rd2 26. Nc4 Rxe2 27. Nxe5 g6 28. Nd4 Rd2 $15) 24... Na5 25. b4 Nc6 26. Rc1
Nd4 (26... Rd3 27. Nc3 Nd4 28. Nc4 Nd7 29. Nb2 Rd2 30. Nc4 Rd3 $10) 27. Nb2 b5
(27... a5 28. bxa5 bxa5 29. Nbc4 (29. Rc7 Rb8 30. Nbc4 $2 Ne6 $17) 29... Rc8
30. Rb1 Ba6 $10) 28. Rc3 Rc8 29. Rxc8 Bxc8 30. Nd3 Nd7 $6 (30... Bd6 {>=} 31.
Nc2 Nxc2 32. Bxc2 a6 33. Bc5 Bc7 34. Bb3 Nd7 $10) 31. Nd5 Nc6 (31... f6 32.
Bxd4 exd4 33. Bb3 Kh8 34. Nc7 a6 35. Ne6 $16) 32. f4 exf4 $6 (32... Bd6 $142)
33. gxf4 Nf6 $6 (33... Bd6 34. e5 Bb8 {/\Kf8-e8}) 34. Nxf6+ gxf6 35. Bb3 $16 a6
36. Bd5 Ne7 37. Ba8 $1 {/\f5,><a6,Ne7} f5 38. e5 Ng6 39. Bc5 Be6 $2 (39...
Bxc5+ 40. bxc5 Kf8 41. Kf2 Ke7 42. Ke3 $16) 40. Bb7 Bc4 41. Bxf8 Kxf8 42. Nb2
Nxf4 43. Bxa6 Ng6 (43... Be2 44. Kf2 $18 {/\Ke3}) 44. Nxc4 bxc4 45. Bxc4 Nxe5
46. Be2 $18 Ke7 47. b5 Kd6 48. a4 f4 49. Kf2 Kc7 50. a5 Kb7 51. Bf3+ Ka7 52.
Bd5 Ng4+ (52... f6 53. h3 h5 54. Ke2 h4 55. Kf2 {(.)} Kb8 56. b6 $18) 53. Kf3
Nxh2+ 54. Kxf4 f6 (54... Nf1 55. b6+ Ka6 56. Bc4+ $18) 55. b6+ Ka6 56. Bc4+ Kb7
57. Be2 1-0

[Event "Altensteig"]
[Site "Altensteig"]
[Date "1994.??.??"]
[Round "11"]
[White "Bischoff, Klaus"]
[Black "Dautov, Rustem"]
[Result "0-1"]
[WhiteElo "2525"]
[BlackElo "2630"]
[Annotator "Dautov,R"]
[PlyCount "98"]
[EventDate "1994.08.??"]
[EventType "tourn"]
[EventRounds "11"]
[EventCountry "GER"]
[EventCategory "12"]
[SourceTitle "CBM 043"]
[Source "ChessBase"]
[SourceDate "1994.12.01"]
[SourceVersion "1"]
[SourceVersionDate "1994.12.01"]
[SourceQuality "1"]

1. Nf3 Nf6 2. c4 e6 3. d4 b6 4. a3 Bb7 5. Nc3 d5 6. Bg5 Be7 7. Bxf6 Bxf6 8.
cxd5 exd5 9. g3 O-O 10. Bg2 Qe7 11. O-O Rd8 12. b4 (12. Rc1 c5 13. dxc5 bxc5
14. Qc2 Na6 15. Rfd1 Rac8 16. Ne1 Nc7 $10) 12... c5 13. Rb1 $146 (13. bxc5 bxc5
14. e3 Nd7 15. Qd3 Nf8 16. Rfb1 Rac8 17. Ne2 Ne6 18. a4 g6 $10 {
Sokolov-Stefansson/Reykjavik op/1994}) 13... c4 (13... cxd4 14. Nxd4 Bxd4 15.
Qxd4 Nc6 16. Qd2 d4 17. Nd5 Qe5 18. Nf4 $14) (13... cxb4 $6 14. axb4 Nc6 15. b5
Na5 16. Qd3 Nc4 17. e3 a5 18. Nd2 $16) (13... Bc6 $5 14. e3 Nd7 15. bxc5 bxc5
$10) 14. e3 Nd7 15. a4 {/\b5} g6 $2 (15... a6 $1 16. Nd2 Nf8 17. b5 a5 $10) 16.
Ne1 $1 Nf8 17. b5 $1 Ne6 18. Nc2 Qd7 19. Rb2 $6 (19. Nb4 Nc7 20. Rb2 Be7 21.
Qe2 f5 22. Ra1 Bxb4 23. Rxb4 Ne8 24. a5 Rab8 25. axb6 (25. a6 Ba8 26. h3 Nf6
$14) 25... axb6 26. Ra7 Nf6 $14) (19. f4 $1 Bg7 (19... Nc7 20. f5 $16) 20. f5
gxf5 21. Bh3 $16) 19... Be7 20. h4 Ng7 21. Qe2 (21. Nb4 Bxb4 22. Rxb4 {>=})
21... Ne8 22. Ra1 f5 $10 23. Na3 (23. Nb4 Nf6 {/\Ne4} 24. a5 Rab8 $10 {/\} 25.
axb6 axb6 26. Ra7 Ra8) 23... Nf6 24. Nab1 a5 $1 (24... Ne4 $2 25. Nxe4 fxe4 26.
Nc3 $14) 25. bxa6 Rxa6 26. Nd2 Rda8 (26... Rc8 $5 27. Rab1 Qe6 (27... Bd8 28.
Rb4) 28. a5 Rxa5 29. Rxb6 Bc6 $10) 27. Rab1 Bd8 28. Rb4 Kg7 (28... Bc6 $2 29.
Nxc4 $1) 29. Qf1 (29. Nf3 $5 Ne4 30. Nxe4 fxe4 31. Ne5 Qe6 32. f3 Rxa4 33. fxe4
Rxb4 34. Rxb4 c3 $13) 29... Bc6 $6 30. Nf3 Qd6 (30... Bxa4 $2 31. Ne5 Qe6 32.
Nxc4 $1 dxc4 33. Bxa8 Bc2 34. Rc1 Bd3 35. Qg2 $18) 31. Ne5 Be8 32. Qd1 (32.
Nxc4 dxc4 33. Bxa8 Rxa8 34. Qxc4 Bc6 $13) 32... R8a7 $138 33. g4 Ne4 $1 34.
Bxe4 fxe4 35. g5 (35. f4 exf3 (35... Bxh4 $2 36. g5 Qe6 37. Kg2 h6 38. gxh6+
Kxh6 (38... Kh7 39. Qg4 $16) 39. Qh1 $40) 36. Qxf3 Ra5 $132) 35... Qe6 36. Qg4
Qxg4+ 37. Nxg4 Ra5 38. Nf6 $1 Bxf6 39. gxf6+ Kxf6 40. Rxb6+ (40. f3 $5 exf3 41.
Kf2 Bxa4 42. Rxb6+ Ke7 (42... Kf5 $2 43. Rg1 $18) 43. Kxf3 $44 {/\Kf4-e5})
40... Kf5 $10 41. Kh2 $2 (41. Rd6 Rd7 (41... Bxa4 42. Rxd5+ Rxd5 43. Nxd5 Bc6
44. Nc3 Ra3 $10) 42. Rxd7 (42. Rbb6 Rxd6 43. Rxd6 Bxa4 44. Nxd5 Kg4) 42... Bxd7
43. Rb7 Bxa4 44. Rxh7 Ke6 $10) 41... Kg4 42. Rg1+ $2 Kxh4 $17 43. Re6 Bxa4 44.
Re5 Bd7 45. Nxd5 Bf5 $19 46. Rh1 Ra1 47. Rxa1 Rxa1 48. Nf4 (48. Nc3 Ra3 49.
Nxe4 c3 50. Ng3 (50. f3 Ra2+ 51. Kg1 c2) 50... Bd3 51. Rc5 c2 $19) 48... c3 49.
Rc5 Ra2 (49... Ra2 50. Kg2 Bg4 51. Rxc3 Bf3+ 52. Kh2 Rxf2+ 53. Kg1 Rd2 $19) 0-1

[Event "Leon"]
[Site "Leon"]
[Date "1993.??.??"]
[Round "7"]
[White "Garcia Ilundain, David"]
[Black "Yudasin, Leonid"]
[Result "0-1"]
[WhiteElo "2475"]
[BlackElo "2610"]
[Annotator "Dautov,R"]
[PlyCount "80"]
[EventDate "1993.05.??"]
[EventType "tourn"]
[EventRounds "9"]
[EventCountry "ESP"]
[EventCategory "12"]
[SourceTitle "CBM 036"]
[Source "ChessBase"]
[SourceDate "1993.10.01"]
[SourceVersion "1"]
[SourceVersionDate "1993.10.01"]
[SourceQuality "1"]

1. d4 Nf6 2. Nf3 e6 3. c4 b6 4. a3 Bb7 5. Nc3 d5 6. Qc2 Be7 (6... dxc4 $1 7. e4
c5 8. dxc5 Bxc5 9. Bxc4 Nbd7 10. O-O Rc8 11. Qe2 Qc7 $10) 7. cxd5 exd5 {N} (
7... Nxd5 8. Bd2 (8. e4 Nxc3 9. bxc3) 8... Nd7 9. e4 Nxc3 10. Bxc3 $14) 8. Bg5
Nbd7 9. e3 O-O 10. Bd3 h6 (10... c5 {>=} 11. O-O Ne4 12. Bf4 (12. Bxe7 Qxe7 13.
dxc5 bxc5 14. Bxe4 dxe4 15. Nd2 Nf6 $10) 12... cxd4 (12... Ndf6 13. dxc5 bxc5
14. Bxe4 dxe4 15. Rfd1 (15. Nd2 Qd3 $132) 15... Qb6 16. Nd2 Qe6 $10) 13. Nxd4
Rc8 $10) 11. Bh4 c5 (11... Ne4 $2 12. Nxd5 $1 Bxh4 (12... Bxd5 13. Bxe4 $16)
13. Bxe4 $16) 12. O-O Re8 13. Rad1 $14 c4 (13... Rc8 14. Bf5 $14) 14. Bf5 a6
15. Ne5 b5 16. f4 Nf8 17. Rf3 $1 Qd6 (17... Ne4 $2 18. Bxe7 Rxe7 19. Bxe4 dxe4
20. Rg3 f6 21. Ng4 Kh8 22. d5 $16) 18. Rh3 Rad8 19. Qe2 $1 {/\g4} (19. g4 $2 g6
20. Nxg6 (20. Bxf6 Bxf6 21. Rxh6 Bg7 $17) 20... fxg6 21. Bxg6 Nxg4 22. Bxe8
Rxe8 23. Qg2 h5 24. Bxe7 Rxe7 25. Rxh5 Rg7 $17) 19... Bc8 $2 (19... N6d7 $2 20.
Qh5 Nxe5 21. fxe5 Qb6 22. Bxe7 Rxe7 23. Rg3 $16) (19... Qb6 20. g4 N6d7 21.
Bxe7 Rxe7 22. g5 $40) 20. Bxc8 Rxc8 21. Bxf6 Bxf6 22. Qh5 {><f7,d5} Rc7 $6 (
22... Bxe5 23. dxe5 $16) 23. Rg3 $1 (23. Ng4 Bd8 24. Nxd5 Rd7 25. Nc3 $16)
23... Bd8 24. Ng4 Kh7 25. Nxd5 $18 Rd7 26. Nc3 $6 (26. e4 $1 Ng6 (26... Rxe4
27. Qf5+ Qg6 28. Ngf6+ $18) 27. Ne5 $18) 26... Qg6 27. Qxg6+ Nxg6 28. Ne5 $5 (
28. f5 Ne7 29. Rf3 Nc6 $16) 28... Nxe5 29. fxe5 Bg5 (29... f6 30. exf6 Bxf6 31.
Rf3 $16) 30. Rf1 $6 (30. e4 f6 31. exf6 gxf6 32. Rf3 $16) 30... f6 31. exf6
gxf6 32. Rff3 f5 $132 33. Rh3 f4 $1 34. exf4 Bf6 35. d5 $4 (35. g4 Bxd4+ 36.
Kg2 Kg7 $1 $14 {/\Bb6,Re1}) 35... Bd4+ 36. Kf1 Rde7 $19 37. Re3 (37. g4 Re1+
38. Kg2 Rg1#) 37... Rxe3 38. Rxe3 Rxe3 39. d6 Bxc3 40. bxc3 Rxc3 0-1

[Event "Mitropa Cup 16th"]
[Site "Buekfuerdo"]
[Date "1995.??.??"]
[Round "3"]
[White "Van Wely, Loek"]
[Black "Almasi, Zoltan"]
[Result "1/2-1/2"]
[WhiteElo "2575"]
[BlackElo "2590"]
[Annotator "Dautov,R"]
[PlyCount "58"]
[EventDate "1995.02.27"]
[EventType "team-tourn"]
[EventRounds "9"]
[EventCountry "HUN"]
[SourceTitle "CBM 046 Extra"]
[Source "ChessBase"]
[SourceDate "1995.07.01"]
[SourceVersion "1"]
[SourceVersionDate "1995.07.01"]
[SourceQuality "1"]

1. d4 Nf6 2. c4 e6 3. Nf3 b6 4. Nc3 Bb7 5. a3 d5 6. Bg5 Be7 7. Qa4+ c6 8. Bxf6
Bxf6 9. cxd5 exd5 10. g3 O-O 11. Bg2 c5 12. Rd1 Qe7 13. O-O Rd8 14. Rfe1 (14.
e3 Nd7 15. Qb3 c4 16. Qc2 Nf8 17. Rfe1 Ne6 18. h4 Rac8 19. Bh3 h6 20. Nh2 Kh8
21. Qe2 Qe8 22. Qf3 Rc7 23. Bf5 Be7 24. Bc2 b5 $15 {Delemarre,J-Van Wely,L/
Wijk op /1995}) (14. b4 Nd7 (14... Na6 $142 15. bxc5 bxc5 $10) 15. dxc5 bxc5
16. Nxd5 Bxd5 17. Rxd5 Nb6 18. Rxd8+ Rxd8 19. Qa6 cxb4 20. axb4 Nd5 21. Rd1 g6
22. Qa5 $16 {Van Wely,L-Arnason,J/Reykjavik op /1994}) 14... Na6 15. e4 $5 dxe4
16. Nxe4 Bxe4 17. Ng5 $1 (17. Qxa6 Qb7 18. Qxb7 Bxb7 $10) 17... Qd7 (17... Bxg5
$2 18. Bxe4 Qd6 19. Bxa8 Rxa8 20. Qxa6 $16) (17... Bxg2 $5 18. Rxe7 Bxe7 19.
Kxg2 Bxg5 20. Qxa6 Rxd4 $14) 18. Qxd7 Rxd7 19. Nxe4 (19. Bxe4 $6 Rad8 20. Nxh7
Bxd4 $15) 19... Rad8 20. d5 $5 (20. Nxf6+ gxf6 21. d5 Nc7 22. Rd2 b5 (22...
Nxd5 $4 23. Red1 $18) 23. Red1 a6 $10) 20... Nc7 (20... Bxb2 21. d6 {/\Bh3}
Bxa3 (21... f5 $2 22. Ng5 g6 23. Bd5+ Kh8 24. Nf7+ Rxf7 25. Bxf7 $16) 22. Bh3
Rb7 23. d7 Nc7 24. Nd6 Rbb8 25. Nc8 Bb4 26. Re2 a5 27. Ne7+ Kf8 28. Nc6 Ra8 29.
Bg2 $13) 21. d6 Ne6 22. b4 (22. Rd2 Bd4 23. Bh3 Rf8 $1 {/\f5} 24. Bxe6 fxe6 25.
b4 e5 $10) 22... Bb2 23. bxc5 bxc5 24. Re3 f5 $10 25. Nc3 Bxc3 (25... Rxd6 26.
Rxd6 (26. Bd5 $6 Kf8 $1 27. Bxe6 Rxd1+ 28. Nxd1 Rxd1+ 29. Kg2 g6 $17) 26...
Rxd6 27. Bd5 Kf7 28. Bc4 $44) 26. Bd5 $1 Rxd6 27. Bxe6+ Kf8 28. Rxd6 Rxd6 29.
Rxc3 Rxe6 (29... Rxe6 30. Rxc5 $10) 1/2-1/2

[Event "Reykjavik zt"]
[Site "Reykjavik"]
[Date "1995.??.??"]
[Round "5"]
[White "Olafsson, Helgi"]
[Black "Hjartarson, Johann"]
[Result "1/2-1/2"]
[WhiteElo "2520"]
[BlackElo "2590"]
[Annotator "Dautov,R"]
[PlyCount "100"]
[EventDate "1995.03.??"]
[EventType "swiss"]
[EventRounds "11"]
[EventCountry "ISL"]
[SourceTitle "CBM 047"]
[Source "ChessBase"]
[SourceDate "1995.08.01"]
[SourceVersion "1"]
[SourceVersionDate "1995.08.01"]
[SourceQuality "1"]

1. d4 Nf6 2. c4 e6 3. Nf3 b6 4. a3 Ba6 5. Qc2 Bb7 6. Nc3 c5 7. e4 cxd4 8. Nxd4
Nc6 9. Nxc6 Bxc6 10. Bf4 Nh5 11. Be3 Qb8 12. O-O-O Bd6 13. g3 Be5 14. Bd3 Qb7
15. Rhe1 Nf6 16. f4 (16. Bf4 $5) 16... Bxc3 17. Qxc3 Rc8 18. b3 {N} (18. e5 $6
Nd5 $13 {Kramnik,V-Lutz,Ch/Dortmund 1993}) (18. Bd4 $5 Nxe4 (18... Bxe4 19.
Bxf6 Bxd3 20. Rxd3 gxf6 21. Qxf6 Rxc4+ 22. Kb1 Rf8 23. f5 $16 {->}) 19. Bxe4
Bxe4 20. Bxg7 Rg8 21. Bf6 $1 d5 22. Rd4 {+/-Kramnik} Rg6 $5 $13) 18... O-O (
18... b5 $1 {>=} 19. c5 Bxe4 20. Bxe4 Qxe4 21. Bd4 Qg6 22. Qa5 O-O 23. Qxb5 Rb8
24. Qc4 Nd5 $132) 19. Bd4 Ne8 20. Kb2 (20. f5 f6 21. fxe6 dxe6 22. e5 f5 $14) (
20. e5 $1 Bf3 21. Rd2 Nc7 (21... b5 22. c5 $16) 22. Qc2 $16) 20... f6 21. g4 $6
(21. e5 $1 {>=} f5 22. Qd2 $16 {פe8}) 21... d6 22. e5 $6 (22. f5 e5 23. Bf2 d5
$132) (22. Qd2 $5 e5 23. Bc3 $14 {/\f5,g5}) 22... Bf3 23. Rd2 fxe5 24. fxe5 d5
25. Rf2 (25. Bf5 $5 Qf7 26. Rf2 (26. Qxf3 dxc4 27. bxc4 exf5 28. e6 Qe7 29.
gxf5 Nd6 $17) 26... exf5 27. Rxf3 f4 28. e6 Qe7 $13) 25... dxc4 26. Bxc4 Nc7
$10 (26... Bxg4 $2 27. Rxf8+ Kxf8 28. Rf1+ Kg8 29. Qb4 Nc7 30. Qe7 $40) 27. h3
Bd5 28. Rxf8+ Rxf8 29. Be2 Bf3 30. Bd3 Nd5 31. Qc2 g5 (31... g6 32. Bxg6 $5
hxg6 33. Qxg6+ Qg7 34. Qxe6+ Qf7 35. Qh6 $13) (31... h6 $5) 32. Be3 Nxe3 33.
Rxe3 Bd5 34. Be4 Bxe4 35. Rxe4 Qd5 36. Qe2 Rf4 (36... Qc5 $5 37. b4 (37. Rc4
Rf2 38. Rxc5 Rxe2+ 39. Rc2 Rxe5 $15) 37... Qd5 $5 $15 (37... Qg1 38. Qc4 Rf2+
39. Re2 Rxe2+ 40. Qxe2 $10)) 37. Rc4 Rxc4 38. bxc4 $10 Qd4+ 39. Kb3 Kg7 40. Qb2
Qd3+ 41. Qc3 Qd1+ 42. Qc2 Qf1 43. Qc3 h5 44. gxh5 Kh6 45. Qg3 Qd1+ 46. Kb4 Kxh5
47. Qf2 Qb1+ 48. Ka4 Qd1+ 49. Kb4 Qb1+ 50. Ka4 Qd1+ {/\Qf7} 1/2-1/2

[Event "Nikolaev zt"]
[Site "Nikolaev"]
[Date "1993.??.??"]
[Round "?"]
[White "Borovikov, Vladislav"]
[Black "Brodsky, Michail"]
[Result "1-0"]
[WhiteElo "2385"]
[BlackElo "2520"]
[Annotator "Dautov,R"]
[PlyCount "91"]
[EventDate "1993.03.??"]
[EventType "swiss"]
[EventRounds "11"]
[EventCountry "RUS"]
[SourceTitle "CBM 035"]
[Source "ChessBase"]
[SourceDate "1993.08.01"]
[SourceVersion "1"]
[SourceVersionDate "1993.08.01"]
[SourceQuality "1"]

1. d4 Nf6 2. Nf3 e6 3. c4 b6 4. Nc3 Bb7 5. a3 d5 6. cxd5 Nxd5 7. e3 g6 8. Bb5+
c6 9. Bd3 Bg7 10. O-O (10. e4 Nxc3 11. bxc3 c5 (11... O-O 12. Bg5 Qd6 13. Qd2
c5 14. Bf4 Qd7 15. Bh6 Nc6 16. Bxg7 Kxg7 17. Bb5 a6 18. Be2 cxd4 19. cxd4 Rad8
20. Rd1 Na5 21. d5 Kg8 22. Qe3 Qd6 23. h4 $13 {Ftacnik-Adorjan/Banjaluka/1983})
12. Bg5 Qd6 13. e5 Qd7 14. O-O (14. dxc5 $6 O-O 15. cxb6 axb6 16. O-O Qc7 17.
Bb5 Bxe5 18. Bh6 Bg7 $15 {Kasparov-Kortchnoi/London m1/1983}) 14... O-O 15. Qd2
cxd4 16. cxd4 Nc6 17. Qf4 $10 {ECO}) 10... O-O 11. e4 Nxc3 12. bxc3 c5 13. Bg5
Qc7 (13... Qd6 $1 14. e5 Qd7 15. Qe2 cxd4 16. cxd4 Nc6 17. Be4 Ne7 $10) 14. Qd2
Nd7 15. Rfe1 (15. Bh6 Rac8 16. Bxg7 Kxg7 17. Rac1 e5 $132) (15. h4 $5) 15...
Rfe8 (15... Rac8 $5) 16. h4 (16. Qe3 a6 (16... e5 $142 $1) 17. a4 Bc6 18. e5 b5
19. Nd2 c4 20. Bc2 Nb6 21. Ne4 Bxe4 22. Bxe4 Rab8 23. axb5 axb5 24. Qf3 Rec8
25. Bf6 Bf8 26. h4 $40 {Spiess-Meier,V/GER-CupT f/1992}) 16... Rac8 17. h5 e5 (
17... cxd4 $6 18. cxd4 Qc3 19. hxg6 hxg6 20. Qxc3 (20. Qe2 $5 {/\} Bxd4 $2 21.
Bb5 Bc6 22. Bxc6 Rxc6 23. Rac1 $18) 20... Rxc3 21. Bb5 Bc6 22. Re3 $1 (22. Bd2
Rc2 23. Bd3 Rxd2 $1 (23... Rb2 $2 24. Rac1 $16) 24. Nxd2 Bxd4 25. Rab1 Nc5 $132
) 22... Rc2 (22... Rxe3 $2 23. Bxc6) 23. Ne1 Bxb5 24. Nxc2 Ba4 (24... Rc8 25.
Ra2 Ba4 26. Re2 $16) 25. Rc3 Nc5 26. Re1 Bxc2 27. Rxc2 Bxd4 28. e5 $16) 18.
Rac1 (18. d5 $1 c4 19. Bf1 Ba6 20. hxg6 hxg6 21. Qa2 $1 (21. Nh2 $6 Nc5 22.
Rad1 Nd3 $132) 21... b5 $2 22. a4 $16 {><a7}) 18... Qd6 19. d5 $8 c4 20. Bf1 (
20. Bc2 Nc5 21. Nh4 Ba6 22. f4 Nd3 23. Bxd3 cxd3 $15) 20... Ba6 $10 {/\Nc5-d3}
(20... a5 21. a4 Ba6 22. Qa2 $16 {/\Nd2}) 21. Qa2 $1 b5 22. a4 bxa4 23. Qxa4
Nc5 24. Qa2 Nb3 $2 (24... f6 25. Bd2 f5 $1 26. hxg6 hxg6 (26... Nxe4 27. gxh7+
Kxh7 28. Rxe4 $1 fxe4 29. Ng5+ Kg8 30. Be3 $36) 27. exf5 gxf5 28. Bxc4 Bxc4 29.
Qxc4 e4 (29... Red8 $5 $10 30. Nh4 Ne4) 30. Nd4 Nd3 31. Nc6 $13) 25. Rb1 $16 {
/\Rb3} f5 $2 (25... Rb8 26. hxg6 hxg6 27. Nd2 Nxd2 28. Bxd2 $16 {><a7,c4}) 26.
hxg6 $6 (26. Rxb3 $1 cxb3 (26... fxe4 27. Ra3 $18) 27. Qxa6 Qxa6 28. Bxa6 Rxc3
29. d6 $18 fxe4 30. Nd2) 26... h6 $5 (26... hxg6 27. Rxb3 $18) 27. Be3 fxe4 (
27... f4 $142 28. Bd2 Rb8 29. Nh4 $16) 28. Nh4 Bb5 29. Qxa7 Qd7 (29... Qxd5 30.
Rxb3 cxb3 31. Bxb5 Qxb5 32. Qf7+ Kh8 33. Bxh6 Rg8 34. Nf5 $18) 30. Rxb3 $1 Qxa7
31. Bxa7 cxb3 32. Bxb5 $18 Re7 33. Be3 Rxc3 34. Bc6 Rc7 35. Nf5 Bf8 36. Rb1 Ba3
37. d6 $1 R7xc6 38. d7 Rd3 39. Bd4 Rxd4 40. Nxd4 Rd6 41. Nb5 Rxd7 42. Nxa3 Rd3
43. Nc4 Kg7 44. Kf1 Rc3 45. Nd2 Rc2 46. Ke2 1-0